01604nam a2200289 a 450000100100000000500170001000800410002702000180006804000250008608200160011110000400012724500850016726000430025230000270029549000720032250001220039450000800051650001280059659000260072471000610075070000530081183000790086495201200094395201140106395201200117799900170129700004672220201002053055.0180320s2014 dr a r 000 0 spa d a9789945896350 aDO-SdBNPbspacBNPHU axxxxbG643m1 aGonzález, Nurys del Carmen92975910aMódulo 2. Taller 7. Algoritmo de la división /cNurys del Carmen González. aSanto Domingo :bMINERD ;bOEI,c2014. a20 p. :bil. ;c28 cm.1 aDesarrollo profesional docente, enseñanza de la lengua española aPolítica de apoyo a los aprendizajes de los primeros grados de nivel básico en lectura, escritura y matemática. aRegional educativa 05 San Pedro de Macorís, 12 Higüey, y 17 Monte Plata aA la cabeza del título: Desarrollo Profesional Docente. Capacitación de Docentes para la Enseñanza de la Matemática aInventariado, 2018/BT1 aRepública DominicanabMinisterio de Educación94310012aOrganización de Estados Iberoamericanos974658 0aDesarrollo profesional docente, enseñanza de la lengua española974659 0010718DSaGRbGRcHDd2018-03-20iLF1l0oxxxx G643mp46722-30r2020-06-25te. 3w2020-06-25yLFDSZNo se presta 0010718PDaPDbPDcHDd2018-03-20iLF1l0oxxxx G643mp46722-10r2020-06-25w2020-06-25yLFPDZNo se presta 0010718PDaPDbPDcHDd2018-03-20iLF1l0oxxxx G643mp46722-20r2020-06-25te. 2w2020-06-25yLFPDZNo se presta c46211d46211